ARRUPE JESUIT UNIVERSITY

CORONAVIRUS -STOP THE SPREAD - CLEAN,DISINFECT,COVER

The new class war : (Record no. 125487)

MARC details
000 -LEADER
fixed length control field 01116cam a2200337 a 4500
001 - CONTROL NUMBER
control field 4207475
003 - CONTROL NUMBER IDENTIFIER
control field ARRUPE
005 - DATE AND TIME OF LATEST TRANSACTION
control field 20161010155811.0
008 - FIXED-LENGTH DATA ELEMENTS--GENERAL INFORMATION
fixed length control field 820120s1982 nyu b 001 0 eng
010 ## - LIBRARY OF CONGRESS CONTROL NUMBER
LC control number 81048233
020 ## - INTERNATIONAL STANDARD BOOK NUMBER
International Standard Book Number 0394523180 :
Terms of availability $11.50
020 ## - INTERNATIONAL STANDARD BOOK NUMBER
International Standard Book Number 0394706471 (pbk.) :
Terms of availability $3.95
040 ## - CATALOGING SOURCE
Original cataloging agency DLC
Transcribing agency DLC
Modifying agency DLC
043 ## - GEOGRAPHIC AREA CODE
Geographic area code n-us---
050 00 - LIBRARY OF CONGRESS CALL NUMBER
Classification number HN59.2.P56
Item number
082 00 - DEWEY DECIMAL CLASSIFICATION NUMBER
Classification number 361.6/1/0973
Edition number 19
300 ## - PHYSICAL DESCRIPTION
Dimensions 22 cm.
100 1# - MAIN ENTRY--PERSONAL NAME
Personal name Piven, Frances Fox.
9 (RLIN) 25554
245 14 - TITLE STATEMENT
Title The new class war :
Remainder of title Reagan's attack on the welfare state and its consequences /
Statement of responsibility, etc Frances Fox Piven & Richard A. Cloward.
250 ## - EDITION STATEMENT
Edition statement 1st ed.
260 ## - PUBLICATION, DISTRIBUTION, ETC. (IMPRINT)
Place of publication, distribution, etc New York :
Name of publisher, distributor, etc Pantheon Books,
Date of publication, distribution, etc c1982.
300 ## - PHYSICAL DESCRIPTION
Extent xi, 163 p. ;
500 ## - GENERAL NOTE
General note Includes index.
504 ## - BIBLIOGRAPHY, ETC. NOTE
Bibliography, etc Bibliography: p. [151]-155.
650 #0 - SUBJECT ADDED ENTRY--TOPICAL TERM
Topical term or geographic name as entry element Welfare state.
9 (RLIN) 7525
650 #0 - SUBJECT ADDED ENTRY--TOPICAL TERM
Topical term or geographic name as entry element Social classes
Geographic subdivision United States.
9 (RLIN) 26665
650 #0 - SUBJECT ADDED ENTRY--TOPICAL TERM
Topical term or geographic name as entry element United States
General subdivision Social policy
Chronological subdivision 1980-
9 (RLIN) 26666
650 #0 - SUBJECT ADDED ENTRY--TOPICAL TERM
Topical term or geographic name as entry element United States
General subdivision Economic policy
Chronological subdivision 1971-
9 (RLIN) 26667
700 1# - ADDED ENTRY--PERSONAL NAME
Personal name Cloward, Richard A.
9 (RLIN) 26668
906 ## - LOCAL DATA ELEMENT F, LDF (RLIN)
a 7
b cbc
c orignew
d 1
e ocip
f 19
g y-gencatlg
942 ## - ADDED ENTRY ELEMENTS (KOHA)
Source of classification or shelving scheme Library of Congress Classification
Koha item type Monograph ( Printed materials)
Holdings
Withdrawn status Lost status Source of classification or shelving scheme Damaged status Not for loan Collection code Home library Current library Shelving location Date acquired Total Checkouts Full call number Barcode Date last seen Price effective from Koha item type
    Library of Congress Classification     Main Collection ARRUPE LIBRARY ARRUPE LIBRARY Main Collection 10/10/2016   HN59.2.P56 46500020813 30/04/2018 10/10/2016 Monograph ( Printed materials)

 

Arrupe Library. PO Box MP320 Mt Pleasant, Harare, Zimbabwe
263 242 745411|librarian@aju.ac.zw